000 00547nam a2200229Ia 4500
003 OSt
005 20220928145131.0
006 a|||||r|||| 00| 0
007 ta
008 220927b |||||||| |||| 00| 0 eng d
024 _a79074
037 _cTextual
040 _aSDCL
_cSDCL
_beng
041 _2eng
_aeng
082 _aX72:(Z2), P4
100 _aDhruv R A
_9511855
245 0 _aDirect taxes ready reckoner.
250 _a17
260 _c2004
942 _hX72:(Z2), P4
_cTEXL
_2CC
999 _c832206
_d832206